Complex analysis : (Record no. 2520)

MARC details
000 -LEADER
fixed length control field 01059pam a2200289 i 4500
001 - CONTROL NUMBER
control field 375334
003 - CONTROL NUMBER IDENTIFIER
control field OSt
005 - DATE AND TIME OF LATEST TRANSACTION
control field 20151111154832.0
008 - FIXED-LENGTH DATA ELEMENTS--GENERAL INFORMATION
fixed length control field 780612s1979 nyua 001 0 eng
010 ## - LIBRARY OF CONGRESS CONTROL NUMBER
LC control number 78017078
020 ## - INTERNATIONAL STANDARD BOOK NUMBER
International Standard Book Number 0070006571 :
Terms of availability $18.50
040 ## - CATALOGING SOURCE
Original cataloging agency DLC
Transcribing agency DLC
Modifying agency DLC
050 00 - LIBRARY OF CONGRESS CALL NUMBER
Classification number QA331
Item number .A45 1979
082 00 - DEWEY DECIMAL CLASSIFICATION NUMBER
Classification number 515.93
Item number AHL 1979
100 1# - MAIN ENTRY--PERSONAL NAME
Personal name Ahlfors, Lars V.
Fuller form of name (Lars Valerian),
Dates associated with a name 1907-1996.
9 (RLIN) 6103
245 10 - TITLE STATEMENT
Title Complex analysis :
Remainder of title an introduction to the theory of analytic functions of one complex variable /
Statement of responsibility, etc. Lars V. Ahlfors.
250 ## - EDITION STATEMENT
Edition statement 3d ed.
260 ## - PUBLICATION, DISTRIBUTION, ETC. (IMPRINT)
Place of publication, distribution, etc. New York :
Name of publisher, distributor, etc. McGraw-Hill,
Date of publication, distribution, etc. 1979.
300 ## - PHYSICAL DESCRIPTION
Extent xiv, 331 p. :
Other physical details ill. ;
Dimensions 24 cm.
490 0# - SERIES STATEMENT
Series statement International series in pure and applied mathematics
500 ## - GENERAL NOTE
General note Includes index.
650 #0 - SUBJECT ADDED ENTRY--TOPICAL TERM
Topical term or geographic name as entry element Analytic functions.
9 (RLIN) 6104
856 41 - ELECTRONIC LOCATION AND ACCESS
Materials specified Table of contents
Uniform Resource Identifier http://www.loc.gov/catdir/toc/mh031/78017078.html
856 42 - ELECTRONIC LOCATION AND ACCESS
Materials specified Publisher description
Uniform Resource Identifier http://www.loc.gov/catdir/description/mh031/78017078.html
906 ## - LOCAL DATA ELEMENT F, LDF (RLIN)
a 7
b cbc
c orignew
d 1
e ocip
f 19
g y-gencatlg
942 ## - ADDED ENTRY ELEMENTS (KOHA)
Source of classification or shelving scheme Dewey Decimal Classification
Koha item type Short Loan
Holdings
Withdrawn status Lost status Source of classification or shelving scheme Damaged status Not for loan Home library Current library Date acquired Inventory number Total Checkouts Full call number Barcode Date last seen Price effective from Koha item type
    Dewey Decimal Classification     MUST Main Library MUST Main Library 11/11/2015 1998/11867   515.93 AHL 1979 2015-2562 11/11/2015 11/11/2015 Short Loan
    Dewey Decimal Classification     MUST Main Library MUST Main Library 12/11/2015 1998/11869   515.93 AHL 1979 2015-2593 12/11/2015 12/11/2015 Short Loan
    Dewey Decimal Classification     MUST Main Library MUST Main Library 08/04/2016 1998/11870   515.93 AHL 1979 2016-0686 08/04/2016 08/04/2016 Short Loan
    Dewey Decimal Classification     MUST Main Library MUST Main Library 17/06/2024 98/11871   515.93 AHL 1979 2024-20637 17/06/2024 17/06/2024 Open Shelf